000 005760000a22001810004500
003 MACL
005 20160526122657.0
008 160526b xxu||||| |||| 00| 0 eng d
040 _aMACL
_cMACL
041 _aHindi
082 _a891.433 CHA
100 _aचन्‍दर, कृश्‍न
_943795
245 _aआईने अकेले हैं
_cकृश्‍न चन्‍दर
260 _bएशिया पब्लिशर्स
_c2002
_aनई दिल्‍ली
350 _a110
650 _aNovel
_959682
942 _cHIN
_k891.433/CHA/N
_2ddc
999 _c11107
_d11107